| 000 | 00586nam a22001937a 4500 | ||
|---|---|---|---|
| 003 | BUBTL | ||
| 008 | 171226b xxu||||| |||| 00| 0 eng d | ||
| 082 |
_a657.042 _bBAA |
||
| 100 |
_97 _aBasu, Shankar Prasad |
||
| 245 |
_aPractice in Accountancy Vol-Two _cSankar Prasad Basu, Monilal Das |
||
| 250 | _a10th | ||
| 260 |
_aKolkata _bRabindra Library _c2003 |
||
| 300 |
_a[xii] , 1138p . : _bill , 25cm . _cAccounting . |
||
| 650 | 0 |
_95 _aAccounting |
|
| 700 |
_91684 _aSankar Prasad Basu, Monilal Das |
||
| 856 |
_k0 _l0 _yDownload |
||
| 942 |
_2ddc _cBK |
||
| 999 |
_c5618 _d5618 |
||